Slovenské železnice sú predimenzované a zaostalé Železničná doprava

1.1.1993 vznik Železníc Slovenskej republiky - ŽSR - rozdelením federálnej ČSD. Charakteristika ŽSR: malá hustota výkonných tratí, infraštruktúra zaostáva 15-20 rokov za štandardom vyspelých európskych krajín i ČR, nevyhovuje technický stav dopravných prostriedkov. Pozadie zisku ŽSR v r.1993, naklad...

Full description

Saved in:
Bibliographic Details
Main Author: Prosnan, Jozef
Other Authors: Vereš, A., Gazda, J.
Format: Book Chapter
Language:Slovak
Subjects:
Tags: Add Tag
No Tags, Be the first to tag this record!

MARC

LEADER 00000naa a2200000 4500
001 r015723
005 20221205091325.3
041 0 |a slo 
044 |a SK 
245 1 0 |a Slovenské železnice sú predimenzované a zaostalé  |b Železničná doprava  |c J. Prosnan, A. Vereš, J. Gazda 
520 |a 1.1.1993 vznik Železníc Slovenskej republiky - ŽSR - rozdelením federálnej ČSD. Charakteristika ŽSR: malá hustota výkonných tratí, infraštruktúra zaostáva 15-20 rokov za štandardom vyspelých európskych krajín i ČR, nevyhovuje technický stav dopravných prostriedkov. Pozadie zisku ŽSR v r.1993, nakladanie s finančnými prostriedkami. Vysoké mzdové náklady, pokles produktivity práce, medzinárodné porovnanie. Neefektívne trate. Potreba harmonizovať ekonomické podmienky železníc a automobilovej dopravy. Slovensko a európske železničné koridory. Modernizácia a jej financovanie. 
610 2 0 |a doprava železničná 
610 2 0 |a železnice 
610 2 0 |a Slovensko 
610 2 0 |a infraštruktúra 
610 2 0 |a prostriedky dopravné 
610 2 0 |a modernizácia 
610 2 0 |a financie 
610 2 0 |a financovanie odvetví 
610 2 0 |a náklady mzdové 
610 2 0 |a produktivita práce 
610 2 0 |a doprava automobilová 
610 2 0 |a dotácie 
610 2 0 |a Európa 
610 2 0 |a doprava tranzitná 
610 2 0 |a ŽSR 
610 2 0 |a investície 
610 2 0 |a privatizácia 
100 1 |a Prosnan, Jozef 
700 1 |a Vereš, A. 
700 1 |a Gazda, J.